00000000cas 2200000zi 4500
0019.936959
003CaOODSP
00520251210093409
006m     o  d f      
007cr cn ||||||||
008240417c20219999mbctr p o    f0### 0fre|d
040 |aCaOODSP|bfre|erda|cCaOODSP
043 |an-cn---
0861 |aCC192-6F-PDF
1102 |aOffice de commercialisation du poisson d'eau douce (Canada)|eauteur, |eorganisme de publication.
24510|a... rapport financier / |cOffice de commercialisation du poisson d'eau douce.
2461 |iLa livraison du 3e trimestre (exercice 2020/2021) comporte le titre : |aRapport financier (non audité)
2461 |iLes livraisons du 1e trimestre (exercice financier 2022/2023)-3e trimestre (exercice financier 2023/2024) comportent le titre : |aRapport financier du ...
2461 |iLes livraisons du 1e trimestre (exercice financier 2024/2025)- comportent le titre : |aRapport financier du ... (non audité)
264 1|a[Winnipeg] : |bOffice de commercialisation du poisson d'eau douce, |c[2020]-
310 |aAnnuel
336 |atexte|btxt|2rdacontent/fre
337 |ainformatique|bc|2rdamedia/fre
338 |aressource en ligne|bcr|2rdacarrier/fre
3621 |aParaît depuis : 1e trimestre (exercice 2020/2021).
500 |aPublié aussi en anglais sous le titre : ... financial report.
515 |aL'année d'activité se termine le 30 avril.
588 |aDescription d'après : 1e trimestre (exercice 2020/2021); titre de la page couverture du fichier PDF.
588 |aDernière livraison consultée : 3e trimestre (exercice financier 2024/2025).
61026|aOffice de commercialisation du poisson d'eau douce (Canada)|xFinance|vPériodiques.
650 6|aFinances publiques|zCanada|vPériodiques.
655 7|aPériodiques|2rvmgf
77508|t... financial report / |w(CaOODSP)9.936942
78000|tRapport du ... trimestre : |w(CaOODSP)9.936927